Technological Studies Pneumatics Quiz Stats

 Plays Quiz not verified by Sporcle

Score 0/21 Timer 10:00
0 Plays Today
% Correct
Spring
75%
Solenoid
75%
Pilot Air
75%
Single Acting Cylinder
75%
3|2 Valve
75%
5|2 Valve
75%
Push button
68.8%
Roller
68.8%
Double Acting Cylinder
68.8%
Diaphragm
62.5%
Lever
62.5%
% Correct
Air Bleed
43.8%
Plunger
43.8%
Unidirectional Restrictor
43.8%
Main Air
43.8%
Foot Pedal
37.5%
Reservior
37.5%
Exhaust
31.3%
Flow Control Valve
12.5%
Manifold
12.5%
Tube
12.5%

You're not logged in!

Compare scores with friends on all Sporcle quizzes.
OR
Log In

Show Comments

Extras

Top Quizzes Today


Score Distribution

Your Account Isn't Verified!

In order to create a playlist on Sporcle, you need to verify the email address you used during registration. Go to your Sporcle Settings to finish the process.

Report this User

Report this user for behavior that violates our Community Guidelines.

Details: